Humboldt y el cosmos: vida, obra y viajes de un hombre universal 1769-1859
Salvato in:
| Autore principale: | |
|---|---|
| Natura: | Libro |
| Lingua: | spagnolo |
| Pubblicazione: |
Barcelona
Ediciones del Serbal
1981
|
| Serie: | Colección Reseña
|
| Soggetti: | |
| Tags: |
Aggiungi Tag
Nessun Tag, puoi essere il primo ad aggiungerne!!
|
MARC
| LEADER | 00000nam a2200000 a 4500 | ||
|---|---|---|---|
| 001 | UCS3162 | ||
| 003 | CL-VaPUC | ||
| 008 | 970613e19810000SP |||||||||||||||||spa|d | ||
| 082 | 0 | 4 | |a 508.09 |b BOT |2 21 |
| 100 | 0 | |a Botting, Douglas |e author |9 389162 | |
| 245 | 1 | 0 | |a Humboldt y el cosmos: vida, obra y viajes de un hombre universal 1769-1859 |
| 300 | |a 264 p | ||
| 942 | |c BK | ||
| 945 | |d 19970613 00:00:00 |a rbrito | ||
| 260 | |a Barcelona |b Ediciones del Serbal |c 1981 | ||
| 600 | 0 | 7 | |a HUMBOLDT, ALEXANDER VON |2 CL-VaPUC |9 268688 |
| 650 | 0 | |a Viajes |9 257115 | |
| 650 | 0 | |a Viajes de estudio |9 260810 | |
| 650 | 0 | |a Sociología cultural |9 337005 | |
| 650 | 0 | |a Vida cultural |9 342683 | |
| 650 | 0 | |a Científicos |9 262025 | |
| 650 | 0 | |a Antropología |9 233030 | |
| 650 | 0 | |a Ciencias de la vida |9 314137 | |
| 650 | 0 | |a Ambientalistas |9 389163 | |
| 650 | 0 | |a Ciencia |9 255691 | |
| 650 | 0 | |a Actividades científicas |9 340111 | |
| 583 | |a last modification |c 19970613 00:00:00 |k Rodrigo Vera | ||
| 490 | 0 | |a Colección Reseña | |
| 999 | |c 260965 |d 260963 | ||
| 952 | |0 0 |1 0 |4 0 |6 508_090000000000000_BOT_1981 |7 0 |8 A |9 287688 |a BIBCUR |b BIBCUR |d 2019-11-19 |i 3326179 |l 1 |o 508.09 BOT 1981 |p 3326179 |r 2025-04-22 |s 2022-03-24 |w 2019-11-19 |y BK |k BAC | ||
| 952 | |0 0 |1 0 |4 0 |6 508_090000000000000_BOT_1981 |7 0 |8 A |9 287689 |a BIBCUR |b BIBCUR |d 2019-11-19 |i 3326187 |o 508.09 BOT 1981 |p 3326187 |r 2025-04-22 |w 2019-11-19 |y BK |k BAC | ||